Statistiques concernant Les combattants de MMA les plus appréciés actuellement selon Tapology

Cliquez ici pour prendre le quiz!

Statistiques générales

  • Ce quiz a été pris 148 fois
  • Le résultat moyen est 6 sur 15

Statistiques - réponses

HintRéponse% Correct
3.Alex "Poatan" Pereira
66%
14.Khabib "The Eagle" Nurmagomedov
59%
12.Israel "The Last Stylebender" Adesanya
57%
2.Max "Blessed" Holloway
57%
1.Charles "Do Broxn" Oliveira
55%
15.Khamzat "Borz" Chimaev
53%
4.Alexander "The Great" Volkanovski
51%
6.Georges "Rush" St-Pierre
46%
13.Justin "The Highlight" Gaethje
39%
8.Francis "The Predator" Ngannou
35%
10.Anderson "The Spider" Silva
29%
9.José Aldo "Junior"
22%
7.Nate Diaz
18%
11.Jirí "BJP" Procházka
16%
5.Shavkat "Nomad" Rahkmonov
4%

Distribution des résultats

Percentile par nombre de réponses

% des personnes avec chaque résultat

Votre développement - résultats

Vous n’avez pas pris ce quiz